[Event "Vienna op-A 15th"]
[Site "Vienna"]
[Date "2006.08.05"]
[Round "8"]
[White "Seiser, Kurt"]
[Black "Locatin, Marko"]
[Result "1/2-1/2"]
[WhiteElo "2063"]
[BlackElo "1995"]
[PlyCount "43"]
[EventDate "2006.07.29"]
[EventType "swiss"]
[EventRounds "9"]
[EventCountry "AUT"]
[SourceTitle "CBM 113 Extra"]
[Source "ChessBase"]
[SourceDate "2006.09.14"]
[SourceVersion "1"]
[SourceVersionDate "2006.09.14"]
[SourceQuality "1"]

1. d4 Nf6 2. Nf3 g6 3. Nbd2 d6 4. e4 Bg7 5. Bd3 Nc6 6. c3 0-0 7. 0-0 e5 8. dxe5 dxe5 9. Qe2 Re8 10. Rd1 Qe7 11. a4 Nd8 12. Nc4 Nh5 13. g3 f6 14. Ne3 c6 15. Bc4+ Be6 16. b3 Bf8 17. Ba3 Qc7 18. Bxf8 Kxf8 19. Ra2 Nf7 20. Bxe6 Rxe6 21. Qc4 Ng7 22. Rad2 1/2-1/2

[Event "Vienna-ch"]
[Site "Vienna"]
[Date "2004.10.25"]
[Round "2"]
[White "Seiser, Kurt"]
[Black "Steiner, Bruno"]
[Result "1-0"]
[WhiteElo "2074"]
[BlackElo "2284"]
[PlyCount "97"]
[EventDate "2004.??.??"]
[EventType "swiss"]
[EventRounds "7"]
[EventCountry "AUT"]
[SourceTitle "EXT 2005"]
[Source "ChessBase"]
[SourceDate "2004.11.15"]
[SourceVersion "1"]
[SourceVersionDate "2004.11.15"]
[SourceQuality "1"]

1. d4 Nf6 2. Nf3 d5 3. e3 e6 4. Nbd2 Be7 5. Bd3 0-0 6. 0-0 c5 7. c3 Nc6 8. dxc5 Bxc5 9. e4 Qc7 10. exd5 Nxd5 11. Ne4 Be7 12. Bg5 f6 13. Bh4 f5 14. Bxe7 Qxe7 15. Ng3 Nb6 16. a4 Kh8 17. a5 Nd7 18. Re1 Qf6 19. Bc2 Nde5 20. Nxe5 Nxe5 21. Qd6 Ng4 22. Rad1 Rg8 23. h3 Nh6 24. Nh5 Qg5 25. Nf4 Nf7 26. Qc7 e5 27. Qxf7 exf4 28. Bd3 Be6 29. Qxe6 f3 30. g3 Rgf8 31. Qd5 Qh6 32. Kh2 f4 33. g4 b6 34. Re6 Qh4 35. Qxf3 bxa5 36. Re4 Rab8 37. Rxf4 Rfe8 38. Bc4 Rec8 39. Rd2 Qe7 40. Rd7 Qe5 41. Kg2 Rg8 42. Rd5 Qe7 43. Rb5 Rbd8 44. Bb3 Rge8 45. Rb7 Qd6 46. Rd4 Qh6 47. Rxd8 Rxd8 48. Rxa7 Qd6 49. Ra8 1-0

[Event "Vienna op 14th"]
[Site "Vienna"]
[Date "2003.08.19"]
[Round "4"]
[White "Bozinovic, Boban"]
[Black "Seiser, Kurt"]
[Result "0-1"]
[WhiteElo "2207"]
[BlackElo "2081"]
[PlyCount "78"]
[EventDate "2003.08.16"]
[EventType "swiss"]
[EventRounds "9"]
[EventCountry "AUT"]
[SourceTitle "CBM 095 Extra"]
[Source "ChessBase"]
[SourceDate "2003.09.04"]
[SourceVersion "1"]
[SourceVersionDate "2003.09.04"]
[SourceQuality "1"]

1. e4 e6 2. d4 c5 3. Nf3 cxd4 4. Nxd4 Qb6 5. Nb3 Nc6 6. Be3 Qc7 7. Bd3 Nf6 8. 0-0 Nb4 9. Nc3 Nxd3 10. Nb5 Qb8 11. cxd3 a6 12. Nc3 b5 13. Re1 Be7 14. Rc1 d6 15. Qf3 0-0 16. Qg3 Rd8 17. Re2 Bb7 18. Bh6 Ne8 19. d4 b4 20. Nd1 a5 21. Bf4 Rc8 22. Rec2 Rxc2 23. Rxc2 Bxe4 24. Re2 Bd5 25. Ne3 Qb5 26. Re1 a4 27. Nc1 Rc8 28. h3 Nf6 29. Qh2 Qc6 30. Nd3 Qb5 31. Nc1 Rc6 32. b3 axb3 33. axb3 Nh5 34. Nf5 exf5 35. Rxe7 Rc3 36. g4 Nxf4 37. Qxf4 Qc6 38. Ne2 Rxh3 39. Ng3 fxg4 0-1

[Event "Vienna-ch"]
[Site "Vienna"]
[Date "1997.??.??"]
[Round "5"]
[White "Fordan, Tibor"]
[Black "Seiser, Kurt"]
[Result "1-0"]
[WhiteElo "2245"]
[BlackElo "2100"]
[PlyCount "99"]
[EventDate "1997.??.??"]
[EventType "swiss"]
[EventRounds "9"]
[EventCountry "AUT"]
[SourceTitle "EXT 1999"]
[Source "ChessBase"]
[SourceDate "1998.11.16"]
[SourceVersion "1"]
[SourceVersionDate "1998.11.16"]
[SourceQuality "1"]

1. d4 e6 2. c4 f5 3. g3 Nf6 4. Bg2 d5 5. Nf3 c6 6. 0-0 Bd6 7. b3 Qe7 8. Bb2 b6 9. Ne5 Bb7 10. Nd2 Nbd7 11. Nd3 0-0 12. Nf3 dxc4 13. bxc4 c5 14. e3 Rfc8 15. Qa4 Rc7 16. Rfd1 Rac8 17. Rac1 Ne4 18. Nfe5 Bxe5 19. dxe5 Ng5 20. Bxb7 Rxb7 21. Kg2 Nf7 22. f4 Nb8 23. Nf2 Rd8 24. Rxd8+ Qxd8 25. Rd1 Rd7 26. Rxd7 Qxd7 27. Qxd7 Nxd7 28. e4 g6 29. Kf3 Nb8 30. exf5 gxf5 31. g4 Nh6 32. h3 Nc6 33. Bc3 Kf7 34. a3 Kg6 35. Nh1 a6 36. Nf2 Ng8 37. gxf5+ Kxf5 38. Ne4 Nge7 39. Nd6+ Kg6 40. Ke4 h6 41. Bb2 Na5 42. Bc1 Nac6 43. Be3 Na5 44. Bf2 Kh5 45. Be1 Nac6 46. f5 exf5+ 47. Nxf5 Nxf5 48. Kxf5 b5 49. e6 bxc4 50. Kf6 1-0

[Event "Vienna-ch"]
[Site "Vienna"]
[Date "1997.??.??"]
[Round "2"]
[White "Halser, Walter"]
[Black "Seiser, Kurt"]
[Result "0-1"]
[WhiteElo "2085"]
[BlackElo "2100"]
[PlyCount "120"]
[EventDate "1997.??.??"]
[EventType "swiss"]
[EventRounds "9"]
[EventCountry "AUT"]
[SourceTitle "EXT 1999"]
[Source "ChessBase"]
[SourceDate "1998.11.16"]
[SourceVersion "1"]
[SourceVersionDate "1998.11.16"]
[SourceQuality "1"]

1. e4 e6 2. d4 c5 3. Nf3 cxd4 4. Nxd4 Bc5 5. Nb3 Bb6 6. Bd3 Ne7 7. 0-0 0-0 8. Nc3 Nbc6 9. Qe2 Ng6 10. Be3 Nce5 11. f4 Nxd3 12. Qxd3 Bxe3+ 13. Qxe3 b6 14. f5 Ne5 15. Qg3 f6 16. Nd4 Qe7 17. Nf3 Nxf3+ 18. Qxf3 Bb7 19. Qf2 Qb4 20. Rad1 Qxb2 21. Rxd7 Qxc3 22. Rxb7 Qc6 23. Re7 Rfe8 24. Rxe6 Rxe6 25. fxe6 Qxe6 26. Qd4 Re8 27. Re1 Qe5 28. Qxe5 Rxe5 29. Kf2 Kf7 30. Kf3 Ke6 31. Re3 Ra5 32. Rc3 Rxa2 33. Rc7 g5 34. Rxh7 a5 35. Rc7 Rb2 36. Ke3 a4 37. Kd3 b5 38. g4 a3 39. Ra7 b4 40. Ra6+ Ke5 41. h3 a2 42. c3 Rb3 43. Ra5+ Kf4 44. Rxa2 Rxc3+ 45. Kd4 Rf3 46. Rb2 b3 47. Kd5 Rxh3 48. Ke6 Kxe4 49. Kxf6 Kf4 50. Kg6 Kxg4 51. Rd2 Rg3 52. Rd5 Kh3 53. Rb5 Kg2 54. Kf5 Kf2 55. Ke4 Ke2 56. Kd4 Kd2 57. Ke4 Kc2 58. Rc5+ Kb1 59. Kd4 b2 60. Rc8 Ka2 0-1